<?xml version="1.0" encoding="UTF-8"?>
<record
    xmlns:xsi="http://www.w3.org/2001/XMLSchema-instance"
    xsi:schemaLocation="http://www.loc.gov/MARC21/slim http://www.loc.gov/standards/marcxml/schema/MARC21slim.xsd"
    xmlns="http://www.loc.gov/MARC21/slim">

  <leader>02809nam a22002057a 4500</leader>
  <controlfield tag="003">OSt</controlfield>
  <controlfield tag="005">20201106142046.0</controlfield>
  <controlfield tag="008">201106b         2006 dr a 00| 0 eng d</controlfield>
  <datafield tag="020" ind1=" " ind2=" ">
    <subfield code="a">9945130242</subfield>
  </datafield>
  <datafield tag="040" ind1=" " ind2=" ">
    <subfield code="a">DO-SdBNP</subfield>
    <subfield code="b">spa</subfield>
    <subfield code="c">BNPHU</subfield>
  </datafield>
  <datafield tag="100" ind1="1" ind2=" ">
    <subfield code="a">Dom&#xED;nguez Brito, Jos&#xE9; Luis</subfield>
    <subfield code="d">1969-</subfield>
    <subfield code="9">77206</subfield>
  </datafield>
  <datafield tag="245" ind1="1" ind2="0">
    <subfield code="a">La cooperaci&#xF3;n de la Uni&#xF3;n Europea con la Rep&#xFA;blica Dominicana : un pa&#xED;s ACP</subfield>
    <subfield code="b">un pa&#xED;s ACP /</subfield>
    <subfield code="c">Jos&#xE9; Luis Dom&#xED;nguez Brito ; pr&#xF3;logo del Dr. Onofre Rojas.</subfield>
  </datafield>
  <datafield tag="260" ind1=" " ind2=" ">
    <subfield code="a">Santo Domingo :</subfield>
    <subfield code="b">Editora Mediabyte,</subfield>
    <subfield code="c">2006.</subfield>
  </datafield>
  <datafield tag="300" ind1=" " ind2=" ">
    <subfield code="a">265 p. : </subfield>
    <subfield code="b">il. ; </subfield>
    <subfield code="c">23 cm. </subfield>
  </datafield>
  <datafield tag="504" ind1=" " ind2=" ">
    <subfield code="a">Bibliograf&#xED;a : p. 251-260</subfield>
  </datafield>
  <datafield tag="505" ind1="0" ind2=" ">
    <subfield code="a">Dedicatorias --</subfield>
    <subfield code="t">Agradecimientos --</subfield>
    <subfield code="t">Pr&#xF3;logo --</subfield>
    <subfield code="t">Introducci&#xF3;n --</subfield>
    <subfield code="t">EL GRUPO DE ESTADOS DE &#xC1;FRICA, CARIBE Y PACIFICO --</subfield>
    <subfield code="t">Objetivos del grupo ACP --</subfield>
    <subfield code="t">&#xD3;rganos del grupo ACP --</subfield>
    <subfield code="t">LA UNI&#xD3;N EUROPEA --</subfield>
    <subfield code="t">La construcci&#xF3;n de la Uni&#xF3;n Europea --</subfield>
    <subfield code="t">La Uni&#xF3;n Europea y sus instituciones --</subfield>
    <subfield code="t">ACUERDOS DE ASOCIACION ACP-UE --</subfield>
    <subfield code="t">&#xBF;Qu&#xE9; es el Fondo Europeo de Desarrollo (FED)? --</subfield>
    <subfield code="t">Primera convenci&#xF3;n de Lom&#xE9; --</subfield>
    <subfield code="t">Convenci&#xF3;n de Lom&#xE9; II --</subfield>
    <subfield code="t">Convenci&#xF3;n de Lom&#xE9; III --</subfield>
    <subfield code="t">Convenci&#xF3;n de Lom&#xE9; IV --</subfield>
    <subfield code="t">Acuerdo de Coton&#xFA;  --</subfield>
    <subfield code="t">Acuerdo de Coton&#xFA; revisado --</subfield>
    <subfield code="t">PERSPECTIVAS SOBRE LA INTEGRACI&#xD3;N DEL FED EN EL PRESUPUESTO DE LA UE -- </subfield>
    <subfield code="t">INSTITUCIONES Y ENTIDADES DE LA COOPERACI&#xD3;N ACP-UE --</subfield>
    <subfield code="t">Instituciones ACP-UE  --</subfield>
    <subfield code="t">Entidades de cooperaci&#xF3;n ACP-UE --</subfield>
    <subfield code="t">FIRMA DE LA REP&#xDA;BLICA DOMINICANA A LA CONVENCI&#xD3;N DE LOM&#xC9; IV E INGRESO AL GRUPO ACP --</subfield>
    <subfield code="t">COOPERACI&#xD3;N DE LA UNI&#xD3;N EUROPEA EN LA REP&#xDA;BLICA DOMINICANA --</subfield>
    <subfield code="t">S&#xE9;ptimo Fondo Europeo de Desarrollo (1990-1995) --</subfield>
    <subfield code="t">Octavo Fondo Europeo de Desarrollo (1995-2002) --</subfield>
    <subfield code="t">Noveno Fondo Europeo de Desarrollo (2002-2007) --</subfield>
    <subfield code="t">Cooperaci&#xF3;n Regional en el marco del s&#xE9;timo, octavo y noveno FED --</subfield>
    <subfield code="t">Fondos intra ACP --</subfield>
    <subfield code="t">Otras fuentes de financiamiento --</subfield>
    <subfield code="t">GESTI&#xD3;N DE LA COOPERACI&#xD3;N EUROPEA EN LA REP&#xDA;BLICA DOMINICANA --</subfield>
    <subfield code="t">Oficina del Ordenador Nacional para los fondos europeos de desarrollo (ONFED) --</subfield>
    <subfield code="t">Delegaci&#xF3;n de la Comisi&#xF3;n Europea --</subfield>
    <subfield code="t">|&#xBF;C&#xF3;mo participar en la cooperaci&#xF3;n de la UE con la Rep&#xFA;blica Dominicana? --</subfield>
    <subfield code="t">COOPERACI&#xD3;N ECON&#xD3;MICA Y COMERCIAL ENTRE LA REP&#xDA;BLICA DOMINICANA Y LA UNI&#xD3;N EUROPEA --</subfield>
    <subfield code="t">Comercio de bienes entre la Rep&#xFA;blica Dominicana y la Uni&#xF3;n Europea --</subfield>
    <subfield code="t">Comercio de servicios --</subfield>
    <subfield code="t">Protocolo relativo al banano --</subfield>
    <subfield code="t">Memorando de entendimiento sobre la leche --</subfield>
    <subfield code="t">Acuerdos de asocicaci&#xF3;n econ&#xF3;mica (AAE) --</subfield>
    <subfield code="t">DIALOGO POL&#xCD;TICO ENTRE LA REP&#xDA;BLICA DOMINICANA Y LA UNI&#xD3;N EUROPEA EN EL MARCO DE LA COOPERACI&#xD3;N ACP-UE --</subfield>
    <subfield code="t">PRINCIPALES REUNIONES Y EVENTOS ACP Y ACP-UE REALIZADOS EN LA REP&#xDA;BLICA DOMINICANA --</subfield>
    <subfield code="t">Anexo I</subfield>
    <subfield code="t">IMPLICACIONES DEL EURO PARA LA ECONOM&#xCD;A DOMINICANA --</subfield>
    <subfield code="t">Anexo II</subfield>
    <subfield code="t">UNA ZONA MONETARIA &#xD3;PTIMA (ZMO) EN EL CARIBE? </subfield>
  </datafield>
  <datafield tag="590" ind1=" " ind2=" ">
    <subfield code="a">Inventariado, 2020 /LP</subfield>
  </datafield>
  <datafield tag="700" ind1="1" ind2=" ">
    <subfield code="a">Rojas, Onofre, </subfield>
    <subfield code="e">pr&#xF3;logo</subfield>
    <subfield code="9">31119</subfield>
  </datafield>
  <datafield tag="942" ind1=" " ind2=" ">
    <subfield code="2">ddc</subfield>
    <subfield code="c">LBS1</subfield>
  </datafield>
  <datafield tag="952" ind1=" " ind2=" ">
    <subfield code="0">0</subfield>
    <subfield code="1">0</subfield>
    <subfield code="2">ddc</subfield>
    <subfield code="5">1</subfield>
    <subfield code="7">1</subfield>
    <subfield code="a">BNPHU</subfield>
    <subfield code="b">PD</subfield>
    <subfield code="c">CT</subfield>
    <subfield code="d">2020-11-06</subfield>
    <subfield code="e">Donado Irma  Rodr&#xED;guez</subfield>
    <subfield code="l">0</subfield>
    <subfield code="r">2020-11-06</subfield>
    <subfield code="w">2020-11-06</subfield>
    <subfield code="y">LBS1</subfield>
  </datafield>
  <datafield tag="999" ind1=" " ind2=" ">
    <subfield code="c">49109</subfield>
    <subfield code="d">49109</subfield>
  </datafield>
</record>
